| 000 | 00575nam a22001817a 4500 | ||
|---|---|---|---|
| 999 |
_c177241 _d177241 |
||
| 005 | 20210215172607.0 | ||
| 010 | _aENG-128985 | ||
| 020 |
_c495.00 _a978-93-86473-70-7 |
||
| 035 | _aEN-112517 | ||
| 037 | _bDBAD/PUB | ||
| 082 | _aN | ||
| 100 | _aVishnupriya Sita | ||
| 245 |
_aVimla: The Everyday Indian Woman and Murder Most Foul/ _cVishnupriya Sita |
||
| 260 |
_aNew Delhi _bVitasta Publishing Pvt. Ltd. _c2021 |
||
| 270 |
_bNew Delhi _a2/15, Ansari Roaad, Daryaganj _e110002 _minfo@vitastapublishing.com |
||
| 300 |
_axxiii+209p. _c23cm(hbk) |
||
| 942 |
_2ddc _cEN _hN _mVIS |
||